000 00610nam a22001817a 4500
005 20151105124136.0
010 _aPUN-7778
020 _a9789350680988
_c225.00
035 _aPN-6896
037 _aunistar books
082 _2363.5
245 _aਵਾਤਾਵਰਣ ਸਮੱਸਿਆਵਾਂ
_cਸੰਪਾਦਿਤ ਰਾਜਦੀਪ ਸਿੰਘ ਧਾਲੀਵਾਲ
246 _aVatavaran Samasayavan
_bed by Rajdeep Singh Dhaliwal
250 _a2012
260 _aChandigarh
_bUnistar Books
300 _aPg.178
_b22cmਸਜਿਲਦ
942 _2ddc
_cPN
_h363.5
_kਵਾਤਾਵ
999 _c98095
_d98095